Incremento de homicidios y fracaso de las políticas de seguridad
Gardado en:
| Formato: | Texto |
|---|---|
| Materias: | |
| Etiquetas: |
Engadir etiqueta
Sen Etiquetas, Sexa o primeiro en etiquetar este rexistro!
|
MARC
| LEADER | 00000 a a2200000 04500 | ||
|---|---|---|---|
| 001 | 6769 | ||
| 003 | |||
| 040 | |||
| 245 | |a Incremento de homicidios y fracaso de las políticas de seguridad | ||
| 650 | |a SEGURIDAD CIUDADANA | ||
| 650 | |a EL SALVADOR | ||
| 773 | |g volumen 27, número 1204; páginas 12-14 | ||
| 999 | |c 39868 |d 39868 | ||
